000 00492pam a2200181 a 4500
020 _a0812110269
040 _cDLC
082 0 0 _a636 LEA 1986 A083 Or.
100 1 _aFrandson, R. D.
245 1 0 _aAnatomy and physiology of farm animals /
250 _a4th ed.
260 _aPhiladelphia :
_bLea & Febiger,
_c1986.
300 _axvii, 560 p. :
_bill. (some col.) ;
_c26 cm.
500 _aIncludes index.
650 0 _aVeterinary anatomy.
650 0 _aVeterinary physiology.
942 _cEK
999 _c16066
_d16066